[Event "Bundesliga 2021-22"]
[Site "Berlin GER"]
[Date "2022.07.09"]
[Round "14.8"]
[Board "4"]
[White "Gavrilescu, David"]
[Black "Horvath, Dominik"]
[Result "1-0"]
[WhiteTitle "IM"]
[BlackTitle "IM"]
[WhiteElo "2512"]
[BlackElo "2486"]
[WhiteTeam "SK Doppelbauer Turm Kiel"]
[BlackTeam "Muenchener Schachclub 1836"]
[WhiteFideId "1227190"]
[BlackFideId "1642561"]
[EventDate "2022.03.05"]

1. e4 e5 2. Nf3 Nc6 3. Bc4 Bc5 4. c3 Nf6 5. d4 exd4 6. e5 d5 7. Bb5 Ne4 8. cxd4
Bb6 9. Nc3 O-O 10. Be3 Bg4 11. h3 Bh5 12. Qc2 Ba5 13. O-O Bxf3 14. gxf3 Nxd4 15.
Bxd4 Qg5+ 16. Kh1 Bxc3 17. Bxc3 Qf5 18. Rfc1 Qxf3+ 19. Kg1 Rae8 20. Qe2 Qxe2 21.
Bxe2 Nxc3 22. Rxc3 Rxe5 23. Bf3 c6 24. Ra3 a6 25. Rb3 Re7 26. Rc1 g5 27. Kf1 f5
28. Bh5 Rf6 29. Re1 Rxe1+ 30. Kxe1 Rh6 31. Be2 b5 32. Rg3 Rg6 33. b4 Rg7 34. Rc3
Rc7 35. Bf3 Kf8 36. Kf1 a5 37. bxa5 b4 38. Rc2 Ra7 39. Rxc6 Rxa5 40. Rf6+ Kg7
41. Rxf5 Kg6 42. Rxd5 Rxa2 43. Be4+ 1-0

[Event "Bundesliga 2021-22"]
[Site "Berlin GER"]
[Date "2022.07.09"]
[Round "14.8"]
[Board "5"]
[White "Radovanovic, Nikola"]
[Black "Meshkovs, Nikita"]
[Result "0-1"]
[WhiteTitle "IM"]
[BlackTitle "GM"]
[WhiteElo "2419"]
[BlackElo "2561"]
[WhiteTeam "Muenchener Schachclub 1836"]
[BlackTeam "SK Doppelbauer Turm Kiel"]
[WhiteFideId "900087"]
[BlackFideId "11602740"]
[EventDate "2022.03.05"]

1. e4 c5 2. Nf3 Nc6 3. d4 cxd4 4. Nxd4 Nf6 5. Nc3 e5 6. Ndb5 d6 7. Bg5 a6 8. Na3
b5 9. Nd5 Be7 10. Bxf6 Bxf6 11. c3 O-O 12. Nc2 Rb8 13. g3 Bg5 14. h4 Bh6 15. g4
Bf4 16. g5 Be6 17. Bh3 Bxd5 18. Qxd5 Qb6 19. a3 Rbd8 20. Rd1 Ne7 21. Qb3 a5 22.
Ke2 a4 23. Qa2 d5 24. exd5 Qg6 25. Qb1 Qh5+ 26. f3 Nxd5 27. Nb4 Ne3 28. Rxd8
Rxd8 29. Qe4 f5 30. gxf6 gxf6 31. Rg1+ Kh8 32. Qb7 Bh6 33. Nd3 Nd5 34. Be6 e4
35. Ne1 Nf4+ 36. Kf1 Nxe6 37. Qe7 Re8 38. Qxf6+ Bg7 0-1

[Event "Bundesliga 2021-22"]
[Site "Berlin GER"]
[Date "2022.07.09"]
[Round "14.8"]
[Board "6"]
[White "Teclaf, Pawel"]
[Black "Ciolek, Andreas"]
[Result "1/2-1/2"]
[WhiteTitle "IM"]
[BlackTitle "FM"]
[WhiteElo "2542"]
[BlackElo "2191"]
[WhiteTeam "SK Doppelbauer Turm Kiel"]
[BlackTeam "Muenchener Schachclub 1836"]
[WhiteFideId "1185934"]
[BlackFideId "12906727"]
[EventDate "2022.03.05"]

1. Nf3 Nf6 2. g3 g6 3. b3 Bg7 4. Bb2 O-O 5. Bg2 d6 6. d4 c6 7. O-O Qa5 8. Nfd2
Qh5 9. e4 Bg4 10. f3 Bh3 11. Nc3 Bxg2 12. Kxg2 Na6 13. Re1 Nd7 14. Nc4 Rad8 15.
f4 Qxd1 16. Raxd1 Nb6 17. Ne3 Rfe8 18. Kf3 e6 19. e5 d5 20. h4 Nc8 21. h5 f5 22.
exf6 Bxf6 23. Ng4 Bg7 24. h6 Bh8 25. Ba3 b5 26. Ne2 b4 27. Bb2 Nd6 28. c3 Ne4
29. c4 Nc7 30. cxd5 exd5 31. Ne5 Bxe5 32. dxe5 Ne6 33. Rd3 N4c5 34. Rd2 Ne4 35.
Rc2 c5 36. Ke3 a5 37. Kf3 1/2-1/2

[Event "Bundesliga 2021-22"]
[Site "Berlin GER"]
[Date "2022.07.09"]
[Round "14.8"]
[Board "7"]
[White "Watson, William N"]
[Black "Barseghyan, Armen Ar."]
[Result "0-1"]
[WhiteTitle "GM"]
[BlackTitle "IM"]
[WhiteElo "2490"]
[BlackElo "2348"]
[WhiteTeam "Muenchener Schachclub 1836"]
[BlackTeam "SK Doppelbauer Turm Kiel"]
[WhiteFideId "400157"]
[BlackFideId "13306707"]
[EventDate "2022.03.05"]

1. e4 c5 2. Nf3 Nc6 3. d4 cxd4 4. Nxd4 g6 5. Nc3 Bg7 6. Be3 Nf6 7. Bc4 O-O 8.
Bb3 d6 9. h3 Bd7 10. O-O Rc8 11. Qd2 a6 12. Rfe1 b5 13. Rad1 b4 14. Nd5 Nxd5 15.
exd5 Nxd4 16. Bxd4 Bxd4 17. Qxd4 a5 18. Bc4 Re8 19. Re2 Rc5 20. h4 h5 21. Rde1
Qc7 22. Bd3 Bb5 23. g4 Bxd3 24. Qxd3 Qd7 25. Re6 Rec8 26. gxh5 Rc4 27. Rxg6+
fxg6 28. Qxg6+ Kf8 29. Qh6+ Ke8 30. Qh8+ Kf7 31. Qh7+ Kf8 32. Qh8+ Kf7 33. Qh7+
Kf8 34. Re6 Rg4+ 35. Kh2 Rg7 36. Qh6 Rc4 37. Rg6 Rxh4+ 38. Kg1 Rg4+ 39. Kh2 Rxg6
40. hxg6 Qf5 0-1

[Event "Bundesliga 2021-22"]
[Site "Berlin GER"]
[Date "2022.07.09"]
[Round "14.8"]
[Board "8"]
[White "Pajeken, Jakob Leon"]
[Black "Tadic, Branko"]
[Result "1/2-1/2"]
[WhiteTitle "IM"]
[BlackTitle "GM"]
[WhiteElo "2382"]
[BlackElo "2459"]
[WhiteTeam "SK Doppelbauer Turm Kiel"]
[BlackTeam "Muenchener Schachclub 1836"]
[WhiteFideId "12942839"]
[BlackFideId "916412"]
[EventDate "2022.03.05"]

1. d4 Nf6 2. Nf3 g6 3. g3 Bg7 4. Bg2 O-O 5. O-O d6 6. c4 c6 7. Nc3 Qa5 8. e4 e5
9. h3 Nbd7 10. Be3 exd4 11. Nxd4 Ne5 12. Qb3 Qa6 13. Rfd1 Nxc4 14. Bf1 b5 15.
Bg5 Qb6 16. Bxc4 bxc4 17. Qxb6 axb6 18. Nxc6 Bxh3 19. Rxd6 Nd7 20. Kh2 Be6 21.
f4 Bg4 22. e5 f6 23. exf6 Bxf6 24. Bxf6 Rxf6 25. Rxf6 Nxf6 26. Ne5 Rd8 27. Nxc4
Be6 28. b3 Ng4+ 29. Kg1 Rd3 30. Ne2 b5 31. Ne5 Re3 32. Re1 Nxe5 33. fxe5 Bg4 34.
Kf2 Rf3+ 35. Kg2 Re3 36. Kf2 Rxe2+ 37. Rxe2 Bxe2 38. Kxe2 b4 39. Kd3 Kf7 40. Ke4
Ke7 41. Kf4 h6 42. Kf3 Kd7 43. Ke3 Ke7 1/2-1/2

[Event "Bundesliga 2021-22"]
[Site "Berlin GER"]
[Date "2022.07.10"]
[Round "15.1"]
[Board "1"]
[White "Nisipeanu, Liviu-Dieter"]
[Black "Volokitin, Andrei"]
[Result "1-0"]
[WhiteTitle "GM"]
[BlackTitle "GM"]
[WhiteElo "2652"]
[BlackElo "2687"]
[WhiteTeam "USV TU Dresden"]
[BlackTeam "Duesseldorfer SK"]
[WhiteFideId "1202758"]
[BlackFideId "14107090"]
[EventDate "2022.03.05"]

1. d4 Nf6 2. c4 e6 3. Nc3 Bb4 4. e3 O-O 5. Bd3 d5 6. Nf3 dxc4 7. Bxc4 c5 8. O-O
Nc6 9. Bd3 h6 10. Ne4 cxd4 11. exd4 Be7 12. Be3 Nd5 13. Rc1 e5 14. Nxe5 Nxe5 15.
dxe5 Nxe3 16. fxe3 Be6 17. Bc4 Qb6 18. Qd4 Rfc8 19. Qxb6 axb6 20. Bxe6 fxe6 21.
Rxc8+ Rxc8 22. Rd1 Rc2 23. Rd2 Rc4 24. Rd7 Bb4 25. Rd4 Rc1+ 26. Kf2 Rc2+ 27. Kf3
Rxb2 28. Rd8+ Bf8 29. Re8 Rb5 30. Rxe6 Kf7 31. Rd6 Ke8 32. Kf4 Rb1 33. Rd2 Ke7
34. Kf5 Rf1+ 35. Rf2 Rc1 36. Nd6 Kd7 37. Kg6 Be7 38. Nf5 Bc5 39. Kf7 1-0

[Event "Bundesliga 2021-22"]
[Site "Berlin GER"]
[Date "2022.07.10"]
[Round "15.1"]
[Board "2"]
[White "Banusz, Tamas"]
[Black "Bartel, Mateusz"]
[Result "1/2-1/2"]
[WhiteTitle "GM"]
[BlackTitle "GM"]
[WhiteElo "2600"]
[BlackElo "2616"]
[WhiteTeam "Duesseldorfer SK"]
[BlackTeam "USV TU Dresden"]
[WhiteFideId "722413"]
[BlackFideId "1112635"]
[EventDate "2022.03.05"]

1. Nf3 Nf6 2. d4 e6 3. g3 b5 4. Bg2 Bb7 5. O-O Be7 6. Bg5 O-O 7. Qd3 a6 8. Bxf6
Bxf6 9. Ng5 Bxg5 10. Bxb7 Ra7 11. Bg2 d5 12. c3 Nd7 13. a4 c6 14. e4 Qc7 15. f4
Be7 16. Nd2 dxe4 17. Bxe4 g6 18. Rfe1 Rd8 19. Qe2 Nf6 20. Nf3 c5 21. axb5 axb5
22. Kg2 Rxa1 23. Rxa1 b4 24. Rd1 cxd4 25. cxd4 Nxe4 26. Qxe4 Rc8 27. Rd2 b3 28.
d5 Qb7 29. Re2 Rc2 1/2-1/2

[Event "Bundesliga 2021-22"]
[Site "Berlin GER"]
[Date "2022.07.10"]
[Round "15.1"]
[Board "3"]
[White "Pechac, Jergus"]
[Black "Tan, Justin2"]
[Result "1/2-1/2"]
[WhiteTitle "GM"]
[BlackTitle "GM"]
[WhiteElo "2599"]
[BlackElo "2533"]
[WhiteTeam "USV TU Dresden"]
[BlackTeam "Duesseldorfer SK"]
[WhiteFideId "14926970"]
[BlackFideId "3206882"]
[EventDate "2022.03.05"]

1. d4 Nf6 2. c4 e6 3. Nf3 d5 4. Nc3 c5 5. cxd5 cxd4 6. Nxd4 Nxd5 7. Bd2 Nxc3 8.
Bxc3 a6 9. g3 Be7 10. Bg2 O-O 11. Qc2 Qb6 12. O-O Bd7 13. Rfd1 Rc8 14. Qd2 Be8
15. Qe3 Bc5 16. Rac1 Nc6 17. Bxc6 Bxc6 18. Qe5 Be8 19. e3 Bf8 20. Nb3 Qb5 21.
Na5 Rc5 22. Qe4 Rc7 23. Qe5 Rac8 24. Qxb5 Bxb5 25. Nb3 f6 26. Ba5 Rxc1 27. Rxc1
Rxc1+ 28. Nxc1 Kf7 29. f3 e5 30. Kf2 Ke6 31. Ne2 Bc5 32. Nc3 Bc6 33. a3 g6 34.
Bb4 Bb6 35. Ne4 Bd8 36. h4 b6 37. Nc3 Bc7 38. e4 f5 39. Bf8 Bd8 40. b4 Bc7 41.
Bh6 Bd6 1/2-1/2

[Event "Bundesliga 2021-22"]
[Site "Berlin GER"]
[Date "2022.07.10"]
[Round "15.1"]
[Board "4"]
[White "Haria, Ravi"]
[Black "Vogel, Roven"]
[Result "1-0"]
[WhiteTitle "GM"]
[BlackTitle "IM"]
[WhiteElo "2499"]
[BlackElo "2447"]
[WhiteTeam "Duesseldorfer SK"]
[BlackTeam "USV TU Dresden"]
[WhiteFideId "415820"]
[BlackFideId "12908088"]
[EventDate "2022.03.05"]

1. e4 e5 2. Nf3 Nc6 3. Bc4 Nf6 4. d3 Be7 5. O-O O-O 6. Nc3 d6 7. a4 a5 8. h3 h6
9. Be3 Be6 10. Bxe6 fxe6 11. d4 exd4 12. Nxd4 Nxd4 13. Qxd4 d5 14. e5 Nd7 15.
Qg4 Rf5 16. Bxh6 Bf8 17. f4 c6 18. Ne2 Qb6+ 19. Kh2 Qxb2 20. Rab1 Qxc2 21. Rxb7
Rd8 22. Nd4 Qe4 23. Nxe6 Nxe5 24. Rxg7+ 1-0

[Event "Bundesliga 2021-22"]
[Site "Berlin GER"]
[Date "2022.07.10"]
[Round "15.1"]
[Board "5"]
[White "Druska, Juraj"]
[Black "Agrest, Evgenij"]
[Result "1/2-1/2"]
[WhiteTitle "IM"]
[BlackTitle "GM"]
[WhiteElo "2503"]
[BlackElo "2568"]
[WhiteTeam "USV TU Dresden"]
[BlackTeam "Duesseldorfer SK"]
[WhiteFideId "14915650"]
[BlackFideId "1705024"]
[EventDate "2022.03.05"]

1. e4 c6 2. Nf3 d5 3. d3 Qc7 4. Nc3 dxe4 5. Nxe4 Nf6 6. Qe2 Nxe4 7. Qxe4 Nd7 8.
g3 Nf6 9. Qe5 Qxe5+ 10. Nxe5 Nd7 11. Nc4 Nb6 12. Na5 e6 13. Bg2 Bb4+ 14. Bd2
Bxd2+ 15. Kxd2 Kd7 16. a4 Kc7 17. b4 Bd7 18. Rhb1 h5 19. h4 Rag8 20. Nb3 g5 21.
Rh1 Rh6 22. Nc5 Bc8 23. hxg5 Rxg5 24. Rh4 Nd5 25. Rah1 Nxb4 26. Nxe6+ Bxe6 27.
Rxb4 Rf6 28. Ke3 Rc5 29. Rc1 Bg4 30. f3 Bf5 31. g4 Bg6 32. gxh5 Bxh5 33. Re4 Kd6
34. c4 Rg5 35. c5+ Kc7 36. Bh1 Bg6 37. Re7+ Kc8 38. a5 Re6+ 39. Rxe6 fxe6 40. d4
Kc7 1/2-1/2

[Event "Bundesliga 2021-22"]
[Site "Berlin GER"]
[Date "2022.07.10"]
[Round "15.1"]
[Board "6"]
[White "Orlov, Andrey"]
[Black "Boensch, Uwe"]
[Result "1/2-1/2"]
[WhiteTitle "GM"]
[BlackTitle "GM"]
[WhiteElo "2491"]
[BlackElo "2494"]
[WhiteTeam "Duesseldorfer SK"]
[BlackTeam "USV TU Dresden"]
[WhiteFideId "4125282"]
[BlackFideId "4611268"]
[EventDate "2022.03.05"]

1. e4 c5 2. Nf3 d6 3. d4 cxd4 4. Qxd4 a6 5. c4 Nc6 6. Qe3 g6 7. Nc3 Bg4 8. Be2
Bh6 9. Qd3 Bg7 10. Be3 Rc8 11. Rc1 Bxf3 12. gxf3 Ne5 13. Qd1 Nf6 14. c5 O-O 15.
cxd6 exd6 16. O-O Nc4 17. Bxc4 Rxc4 18. Qb3 b5 19. a4 Nd7 20. axb5 Ne5 21. f4
Qc8 22. Qd1 Qh3 23. f3 Ng4 24. fxg4 Qxe3+ 25. Kg2 Bxc3 26. Rxc3 Qxe4+ 27. Rff3
axb5 28. Rxc4 bxc4 29. Qxd6 Qe2+ 30. Kg3 Qxb2 31. Qc5 Qc1 32. f5 g5 33. Qe3 Qxe3
34. Rxe3 Rc8 35. Rc3 Kg7 36. Kf3 Kf6 37. Ke4 Rc7 38. h3 Rc8 39. Kd5 h5 40. Ke4
Re8+ 41. Kf3 Rc8 42. Ke4 h4 43. Kd5 Rd8+ 44. Ke4 Rd3 45. Rxd3 cxd3 46. Kxd3 Ke5
47. Ke3 f6 48. Kf3 Kd4 49. Kf2 Ke4 1/2-1/2

[Event "Bundesliga 2021-22"]
[Site "Berlin GER"]
[Date "2022.07.10"]
[Round "15.1"]
[Board "7"]
[White "Gauglitz, Gernot"]
[Black "Berelowitsch, Alexander"]
[Result "0-1"]
[WhiteTitle "IM"]
[BlackTitle "GM"]
[WhiteElo "2392"]
[BlackElo "2506"]
[WhiteTeam "USV TU Dresden"]
[BlackTeam "Duesseldorfer SK"]
[WhiteFideId "4611365"]
[BlackFideId "14101440"]
[EventDate "2022.03.05"]

1. d4 Nf6 2. Nf3 e6 3. g3 c5 4. c3 Nc6 5. Bg2 Be7 6. O-O O-O 7. dxc5 Bxc5 8. b4
Be7 9. a4 d5 10. Nbd2 Qc7 11. Bb2 e5 12. Nb3 e4 13. Nfd4 Ne5 14. Nb5 Qb8 15. Bc1
a6 16. Na3 Qc7 17. Be3 h5 18. a5 h4 19. Nc5 Bf5 20. Bd4 Bd6 21. Qc2 Bg6 22. Qb2
Neg4 23. c4 hxg3 24. hxg3 Bxg3 25. fxg3 Qxg3 26. Rxf6 gxf6 27. Qc1 e3 28. Bc3
Qf2+ 29. Kh1 0-1

[Event "Bundesliga 2021-22"]
[Site "Berlin GER"]
[Date "2022.07.10"]
[Round "15.1"]
[Board "8"]
[White "Coenen, Michael"]
[Black "Wong, Gengchun"]
[Result "1-0"]
[WhiteTitle "FM"]
[WhiteElo "2326"]
[BlackElo "2114"]
[WhiteTeam "Duesseldorfer SK"]
[BlackTeam "USV TU Dresden"]
[WhiteFideId "4697367"]
[BlackFideId "12963283"]
[EventDate "2022.03.05"]

1. e4 c5 2. Nf3 d6 3. Nc3 a6 4. a4 Nc6 5. d4 cxd4 6. Nxd4 Nf6 7. Be2 e6 8. O-O
Be7 9. Be3 O-O 10. Nb3 b6 11. f4 Qc7 12. Bf3 Bb7 13. Qe1 Rab8 14. Kh1 Rfc8 15.
Qe2 Bf8 16. Rfd1 Nb4 17. a5 b5 18. Ba7 Ra8 19. Bb6 Qb8 20. Rd2 Nd7 21. Be3 Qc7
22. Rad1 Qc4 23. Nd4 Qxe2 24. Rxe2 Nf6 25. Bf2 Rc7 26. Be1 Rac8 27. Ncxb5 axb5
28. Bxb4 e5 29. Nxb5 Rxc2 30. Rxc2 Rxc2 31. fxe5 Nxe4 32. exd6 Nf2+ 33. Kg1 Nxd1
34. d7 Bxf3 35. gxf3 1-0

[Event "Bundesliga 2021-22"]
[Site "Berlin GER"]
[Date "2022.07.10"]
[Round "15.2"]
[Board "1"]
[White "Postny, Evgeny"]
[Black "Nagy, Gabor1"]
[Result "1/2-1/2"]
[WhiteTitle "GM"]
[BlackTitle "GM"]
[WhiteElo "2568"]
[BlackElo "2507"]
[WhiteTeam "BCA Augsburg"]
[BlackTeam "Aachener SV"]
[WhiteFideId "2804344"]
[BlackFideId "737119"]
[EventDate "2022.03.05"]

1. d4 d5 2. c4 e6 3. Nc3 Nf6 4. Bg5 Be7 5. e3 O-O 6. Nf3 h6 7. Bh4 Nbd7 8. Qc2
c6 9. Rd1 a6 10. a3 b6 11. Be2 Bb7 12. O-O Rc8 13. b4 dxc4 14. Bxc4 a5 15. e4
axb4 16. axb4 Nh5 17. Bxe7 Qxe7 18. Qb3 Nf4 19. Rfe1 Qf6 20. Re3 Rfd8 21. g3
Nh3+ 22. Kg2 Ng5 23. Ng1 c5 24. bxc5 bxc5 25. h4 cxd4 26. hxg5 Nc5 27. gxf6 Nxb3
28. Bxb3 dxe3 29. Rxd8+ Rxd8 30. fxe3 1/2-1/2

[Event "Bundesliga 2021-22"]
[Site "Berlin GER"]
[Date "2022.07.10"]
[Round "15.2"]
[Board "2"]
[White "Koch, Thomas1"]
[Black "Prusikin, Michael"]
[Result "1/2-1/2"]
[WhiteTitle "IM"]
[BlackTitle "GM"]
[WhiteElo "2458"]
[BlackElo "2541"]
[WhiteTeam "Aachener SV"]
[BlackTeam "BCA Augsburg"]
[WhiteFideId "4600533"]
[BlackFideId "4642325"]
[EventDate "2022.03.05"]

1. d4 Nf6 2. c4 e6 3. Nf3 d5 4. Nc3 Be7 5. Bg5 h6 6. Bh4 O-O 7. e3 Ne4 8. Bxe7
Qxe7 9. Rc1 c6 10. Bd3 Nxc3 11. Rxc3 dxc4 12. Bxc4 Nd7 13. O-O b6 14. Qe2 c5 15.
Rd1 Bb7 16. d5 exd5 17. Bxd5 Bxd5 18. Rxd5 Nf6 19. Rd1 Rfd8 20. Rcd3 Ne4 21. Kf1
g6 1/2-1/2

[Event "Bundesliga 2021-22"]
[Site "Berlin GER"]
[Date "2022.07.10"]
[Round "15.2"]
[Board "3"]
[White "Nestorovic, Nikola"]
[Black "Piceu, Tom"]
[Result "1-0"]
[WhiteTitle "GM"]
[BlackTitle "IM"]
[WhiteElo "2456"]
[BlackElo "2331"]
[WhiteTeam "BCA Augsburg"]
[BlackTeam "Aachener SV"]
[WhiteFideId "934526"]
[BlackFideId "201952"]
[EventDate "2022.03.05"]

1. e4 c5 2. Nf3 d6 3. d4 cxd4 4. Nxd4 Nf6 5. Bb5+ Bd7 6. c4 a6 7. Bxd7+ Qxd7 8.
Nc3 Nc6 9. Nd5 Nxd5 10. cxd5 Nxd4 11. Qxd4 e5 12. dxe6 Qxe6 13. O-O Rc8 14. Bf4
Qc4 15. Qa7 Be7 16. Rac1 Qe6 17. Rxc8+ Qxc8 18. Rc1 Qd7 19. Qb8+ Bd8 20. Bxd6 f6
21. Bc7 Qd2 22. Bf4 Qd7 23. Qc8 Rf8 24. Qc4 Rf7 25. Qb3 Qg4 26. g3 g5 27. Bd6
Qxe4 28. Bb4 Be7 29. Re1 Qf5 30. Bxe7 Rxe7 31. Qg8+ Kd7 32. Rd1+ Kc6 33. Rc1+
Kd6 34. Qd8+ Rd7 35. Rd1+ Kc6 36. Qc8+ 1-0

[Event "Bundesliga 2021-22"]
[Site "Berlin GER"]
[Date "2022.07.10"]
[Round "15.2"]
[Board "4"]
[White "Lemmers, Oscar"]
[Black "Rozentalis, Eduardas"]
[Result "1/2-1/2"]
[WhiteTitle "IM"]
[BlackTitle "GM"]
[WhiteElo "2337"]
[BlackElo "2539"]
[WhiteTeam "Aachener SV"]
[BlackTeam "BCA Augsburg"]
[WhiteFideId "1002759"]
[BlackFideId "12800023"]
[EventDate "2022.03.05"]

1. e4 e6 2. d4 d5 3. exd5 exd5 4. Nf3 Bf5 5. Bd3 Bxd3 6. Qxd3 Nc6 7. Bf4 Bd6 8.
Bxd6 Qxd6 9. O-O Nge7 10. c3 O-O 11. Nbd2 Ng6 12. Rfe1 Rfe8 13. Rxe8+ Rxe8 14.
Re1 Rxe1+ 15. Nxe1 Nce7 16. Qb5 Qc6 17. Qxc6 Nxc6 18. Nd3 Nd8 19. f4 Ne7 20. Kf2
h5 1/2-1/2

[Event "Bundesliga 2021-22"]
[Site "Berlin GER"]
[Date "2022.07.10"]
[Round "15.2"]
[Board "5"]
[White "Arnaudov, G. Petar"]
[Black "Sonntag, Hans-Hubert"]
[Result "1-0"]
[WhiteTitle "GM"]
[BlackTitle "IM"]
[WhiteElo "2469"]
[BlackElo "2327"]
[WhiteTeam "BCA Augsburg"]
[BlackTeam "Aachener SV"]
[WhiteFideId "2907127"]
[BlackFideId "4601025"]
[EventDate "2022.03.05"]

1. Nf3 d5 2. c4 e6 3. g3 dxc4 4. Bg2 a6 5. O-O Nf6 6. Qc2 b5 7. Ne5 Nd5 8. d3
cxd3 9. Nxd3 Bb7 10. Rd1 Nd7 11. Nc3 Nxc3 12. Qxc3 Bxg2 13. Kxg2 Bd6 14. Qxg7
Qf6 15. Qg4 Qf5 16. Qxf5 exf5 17. Bf4 Ke7 18. Bxd6+ cxd6 19. Nb4 Rhc8 20. Rd4
Nf6 21. Rad1 Rc4 22. Rxc4 bxc4 23. Rd4 Rc8 24. Nxa6 d5 25. Nb4 Ke6 26. f3 Ra8
27. Rh4 Ra4 28. a3 c3 29. bxc3 Rxa3 30. Rh6 1-0

[Event "Bundesliga 2021-22"]
[Site "Berlin GER"]
[Date "2022.07.10"]
[Round "15.2"]
[Board "6"]
[White "Coenen, Norbert"]
[Black "Stankovic, Milos"]
[Result "1/2-1/2"]
[WhiteTitle "IM"]
[BlackTitle "IM"]
[WhiteElo "2270"]
[BlackElo "2435"]
[WhiteTeam "Aachener SV"]
[BlackTeam "BCA Augsburg"]
[WhiteFideId "4619455"]
[BlackFideId "938190"]
[EventDate "2022.03.05"]

1. e4 c5 2. b3 g6 3. Bb2 Nf6 4. e5 Nd5 5. d4 cxd4 6. Qxd4 e6 7. Nf3 Nc6 8. Qd2
Qc7 9. c4 Bb4 10. Nc3 Nxc3 11. Bxc3 Qa5 12. Bxb4 Nxb4 13. Rc1 b6 14. Be2 Bb7 15.
a3 Qxa3 16. O-O Nc6 17. Qf4 Qe7 18. Ng5 Nd4 19. Bd1 Nf5 20. Bf3 Bxf3 21. Nxf3
O-O 22. Rfd1 f6 23. exf6 Rxf6 24. Qc7 Rf7 25. Qb7 1/2-1/2

[Event "Bundesliga 2021-22"]
[Site "Berlin GER"]
[Date "2022.07.10"]
[Round "15.2"]
[Board "7"]
[White "Braeuer, Franz"]
[Black "Meessen, Rudolf"]
[Result "1/2-1/2"]
[WhiteTitle "IM"]
[BlackTitle "FM"]
[WhiteElo "2428"]
[BlackElo "2226"]
[WhiteTeam "BCA Augsburg"]
[BlackTeam "Aachener SV"]
[WhiteFideId "24634468"]
[BlackFideId "202029"]
[EventDate "2022.03.05"]

1. e4 d6 2. d4 Nf6 3. Nc3 e5 4. Nf3 exd4 5. Nxd4 Be7 6. g3 O-O 7. Bg2 Re8 8. O-O
Bf8 9. b3 Na6 10. Bb2 Nc5 11. Re1 c6 12. Qd2 a5 13. a4 Qc7 14. Rad1 Bg4 15. f3
Bd7 16. g4 h6 17. Kh1 Rad8 18. Qf4 Ne6 19. Qg3 Nxd4 20. Rxd4 Qb6 21. Rdd1 Qc5
22. Rd2 d5 23. e5 Nh7 24. Ne2 f6 25. Nf4 fxe5 26. Nd3 Qb6 27. Bxe5 c5 28. Red1
Rc8 29. f4 d4 30. Nb2 Qg6 31. f5 Qa6 32. Nc4 Bc6 33. h4 Nf6 34. Bxf6 Bxg2+ 35.
Rxg2 Qxf6 36. Rf1 g5 37. Qf3 Rc7 38. hxg5 Qxg5 39. Rh2 Rf7 40. Rh5 Qf6 41. Kg2
Rg7 42. Qd5+ Kh8 43. Kf3 Rg5 44. Rfh1 Rxh5 45. Rxh5 b6 46. Rh2 1/2-1/2

[Event "Bundesliga 2021-22"]
[Site "Berlin GER"]
[Date "2022.07.10"]
[Round "15.2"]
[Board "8"]
[White "Ahn, Martin"]
[Black "Schmittdiel, Eckhard"]
[Result "1/2-1/2"]
[WhiteTitle "FM"]
[BlackTitle "GM"]
[WhiteElo "2166"]
[BlackElo "2402"]
[WhiteTeam "Aachener SV"]
[BlackTeam "BCA Augsburg"]
[WhiteFideId "200972"]
[BlackFideId "4600096"]
[EventDate "2022.03.05"]

1. e4 c5 2. Nf3 e6 3. c3 d5 4. exd5 exd5 5. d4 Nf6 6. Bb5+ Bd7 7. Qe2+ Be7 8.
Ne5 O-O 9. Nxd7 Nbxd7 10. O-O Re8 11. Qd3 c4 12. Qh3 a6 13. Bxd7 Qxd7 14. Qxd7
Nxd7 15. Bf4 g5 16. Bg3 f5 17. f3 f4 18. Bf2 b5 19. Re1 Kf7 20. Kf1 Bd6 21. Nd2
Nb6 22. Rxe8 Rxe8 23. Rc1 Ke6 24. Re1+ Kd7 25. Rxe8 Kxe8 26. b3 b4 27. Nb1 a5
28. Be1 Kd7 29. Ke2 Kc6 30. Kd1 cxb3 31. axb3 a4 32. bxa4 b3 33. Nd2 b2 34. Kc2
Nxa4 35. Kb3 Kb5 36. Nb1 h5 37. Bf2 g4 38. fxg4 hxg4 39. h3 g3 40. Bg1 Be7 41.
Kc2 Kc4 42. Nd2+ Kb5 43. Nb1 1/2-1/2

[Event "Bundesliga 2021-22"]
[Site "Berlin GER"]
[Date "2022.07.10"]
[Round "15.3"]
[Board "1"]
[White "Piorun, Kacper"]
[Black "Moiseenko, Alexander"]
[Result "1/2-1/2"]
[WhiteTitle "GM"]
[BlackTitle "GM"]
[WhiteElo "2640"]
[BlackElo "2602"]
[WhiteTeam "SF Berlin"]
[BlackTeam "SV Muelheim Nord"]
[WhiteFideId "1130420"]
[BlackFideId "14102560"]
[EventDate "2022.03.05"]

1. Nf3 d5 2. d4 Bf5 3. c4 e6 4. Nc3 Nc6 5. cxd5 exd5 6. Bf4 Bd6 7. Bg3 Bxg3 8.
hxg3 Nf6 9. e3 O-O 10. Nh4 Be6 11. Bd3 Re8 12. a3 a6 13. Qc2 Qd6 14. Ne2 Bg4 15.
Nf3 g6 16. Rc1 Kg7 17. Qc3 Rac8 18. b4 h5 19. Nf4 Ne7 20. Qc5 Bf5 21. Nd2 1/2-1/2